Do R&D Investments Translate into Trademark Activity? Evidence from a European Panel Study

Štúdia skúma determinanty aktivity v oblasti ochranných známok v členských štátoch Európskej únie a Spojenom kráľovstve v období rokov 2014 - 2023 pomocou panelových údajov s fixnými efektmi. Analýza, čerpajúc z údajov Svetovej organizácie duševného vlastníctva a Svetovej banky – Ukazovatele svetové...

Full description

Saved in:
Bibliographic Details
Main Author: Schönová, Michaela, 1989-
Format: Book Chapter
Language:English
Subjects:
Tags: Add Tag
No Tags, Be the first to tag this record!

MARC

LEADER 00000naa a2200000 4500
001 0314277
005 20260121110222.6
041 0 |a eng 
044 |a SK 
245 1 0 |a Do R&D Investments Translate into Trademark Activity? Evidence from a European Panel Study  |c Michaela Schönová 
520 |a Štúdia skúma determinanty aktivity v oblasti ochranných známok v členských štátoch Európskej únie a Spojenom kráľovstve v období rokov 2014 - 2023 pomocou panelových údajov s fixnými efektmi. Analýza, čerpajúc z údajov Svetovej organizácie duševného vlastníctva a Svetovej banky – Ukazovatele svetového rozvoja, sa zameriava na vzťah medzi národnými ekonomickými ukazovateľmi a registráciami ochranných známok. Výsledky naznačujú, že vyšší HDP na obyvateľa, silnejší hospodársky rast a väčšie investície do výskumu a vývoja sú významne spojené so zvýšeným počtom žiadostí o ochranné známky. Dôkazy podporujú myšlienku, že silnejšie ekonomické a inovačné prostredie je spojené s vyššou úrovňou registrácie ochranných známok. Štúdia prispieva k literatúre poskytovaním empirických dôkazov o tom, ako ekonomické a inovačné faktory ovplyvňujú správanie sa ochranných známok v európskom kontexte. 
610 2 0 |a investície 
610 2 0 |a výskum 
610 2 0 |a vývoj 
610 2 0 |a produkt domáci hrubý 
610 2 0 |a analýzy 
610 2 0 |a známky ochranné 
610 2 0 |a Európska únia 
100 1 |a Schönová, Michaela, 1989-